000 00537nam a22002057a 4500
003 OSt
005 20140310183124.0
008 130525t xxu||||| |||| 00| 0 eng d
020 _a9789712359903
050 _aPN 4121
_b.G977 2011
082 _2FIL 808.51
_bG977 2011
245 _aElements of Public Speaking
_cGupit Jr., Fortunato
260 _aSampaloc, Manila
_bREX Book Store
_c2011
300 _a313 p.
521 _acollege students
526 _c1210L-1700L
541 _j1
562 _e1
942 _2lcc
_cBK
_kFIL
999 _c18989
_d18989